000 00726nam a22001695i 4500
001 162917
003 ES-MaACL
005 20230906212629.0
008 000203s1839 sp |||| | spa d
040 _aCAM
_bspa
_cCAM
245 0 3 _aUn ramillete, una carta, y varias equivocaciones
_b: comedia en dos actos /
_ctraducida del francés por Nicolás Lombía.
260 _aMadrid :
_b[s.n.],
_c1839 (
_fImprenta de José María Repullés)
300 _a48 p. ;
_c17 cm.
700 1 _aLombía, Nicolás.
_9129045
852 _aES-MaACL
_jF-8624(13)
_z-- Enc. pasta española
_q-- Falto de la cub. original
_z-- Enc. en un vol. facticio formando parte de la col. facticia "Teatro español moderno", vol. 79
999 _c162917
_d162917